| 000 | 00404nam a2200169Ia 4500 | ||
|---|---|---|---|
| 008 | 191121s9999||||xx |||||||||||||| ||und|| | ||
| 020 | _a9789280115482 | ||
| 040 | _aIMU-MPC | ||
| 082 | _aColumn-5 | ||
| 100 | _aIMO | ||
| 245 | 0 | _aFTP Code : International code for application of fire test procedures, 2010 | |
| 260 | _aLondon | ||
| 260 | _bIMO | ||
| 260 | _c2012 | ||
| 300 | _avi, 271 | ||
| 942 | _cBK | ||
| 999 |
_c2175 _d2175 |
||